000 00662nam a2200253Ia 4500
003 OSt
005 20220918165337.0
006 a|||||r|||| 00| 0
007 ta
008 220917b |||||||| |||| 00| 0 eng d
020 _a4 34 60363 5
024 _a30,684
037 _cTextual
040 _aARTS
_cARTS
_beng
041 _2eng
_aeng
082 _aO111,3M94,26, L5
100 _ap J B
_923910
245 0 _aCarfitt crisis and two other stories
260 _aLondon
_bHeinemann UK
_c1975
300 _avii, 195
_ccm.
650 _aENGLISH LITERATURE
942 _hO111,3M94,26, L5
_cTEXL
_2CC
999 _c129434
_d129434